Shadows on the land : An economic geography of the Philippines
The completion of this book is a memorable event in scholarship. It deserves some special comment which the public may find interesting. It represents highly significant and rewarding developments which I feel very fortunate in understanding and sharing with Dr.Robert E. Huke, whose work on this boo...
Đã lưu trong:
| 主要作者: | |
|---|---|
| 格式: | 圖書 |
| 語言: | Undetermined |
| 出版: |
Manila
Bookmark
1963
|
| 主題: | |
| 標簽: |
添加標簽
沒有標簽, 成為第一個標記此記錄!
|
| Thư viện lưu trữ: | Trung tâm Học liệu Trường Đại học Cần Thơ |
|---|
| LEADER | 01161nam a2200229Ia 4500 | ||
|---|---|---|---|
| 001 | CTU_217747 | ||
| 008 | 210402s9999 xx 000 0 und d | ||
| 082 | |a 330.9914 | ||
| 082 | |b H874 | ||
| 100 | |a Huke, Robert E. | ||
| 245 | 0 | |a Shadows on the land : | |
| 245 | 3 | |b An economic geography of the Philippines | |
| 245 | 0 | |c Robert E. Huke | |
| 260 | |a Manila | ||
| 260 | |b Bookmark | ||
| 260 | |c 1963 | ||
| 520 | |a The completion of this book is a memorable event in scholarship. It deserves some special comment which the public may find interesting. It represents highly significant and rewarding developments which I feel very fortunate in understanding and sharing with Dr.Robert E. Huke, whose work on this book helps to advance greatly our knowledge of Philippine geography and simultaneouly demonstrates some of the best motivations and principles in the lives of scholars and of institutions devoted to scholarship and public education. | ||
| 650 | |a Philippines,Philippines | ||
| 650 | |x Economic conditions,Điều kiện kinh tế | ||
| 650 | |y 1918-,1918- | ||
| 904 | |i Qhieu | ||
| 980 | |a Trung tâm Học liệu Trường Đại học Cần Thơ | ||